| 000 | 01073cam a22003255a 4500 | ||
|---|---|---|---|
| 001 | 016030308 | ||
| 003 | OSt | ||
| 005 | 20201128021435.0 | ||
| 008 | 120207t2013 enka frb 001 0 eng d | ||
| 020 | _a9780273768968 (pbk.) | ||
| 020 | _a0273768964 (pbk.) | ||
| 040 |
_aStDuBDS _beng _cStDuBDS _dUk _dEG-ScBUE _dEG-ScBUE |
||
| 082 | 0 | 4 |
_a004.678 _bKUR _222 |
| 100 | 1 |
_aKurose, James F. _95614 |
|
| 245 | 1 | 0 |
_aComputer networking : _ba top-down approach / _cJames F. Kurose, Keith W. Ross ; contributions by Goutam Paul. |
| 250 | _a6th ed., International ed. | ||
| 260 |
_aHarlow : _bPearson Education Limited, _cc.2013. |
||
| 300 |
_a888 p. : _bill. ; _c24 cm. |
||
| 500 | _aIndex : p. 849-888. | ||
| 500 | _aIncludes online access. | ||
| 504 | _aBibliography : p. 815-848. | ||
| 590 | _aSAMEH | ||
| 650 | 0 |
_aInternet. _2BUEsh |
|
| 650 | 7 |
_aComputer networks. _2BUEsh _91660 |
|
| 651 | _2BUEsh | ||
| 653 |
_bCOMSCI _cJuly2015 _cDecember2015 _cJanuary2016 |
||
| 700 | 1 |
_aRoss, Keith W., _d1956- _95617 |
|
| 700 | 1 |
_aPaul, Goutam, _933887 _econtributor. |
|
| 942 | _2ddc | ||
| 999 |
_c20360 _d20332 |
||